| 000 | 00439nam a2200181Ia 4500 | ||
|---|---|---|---|
| 001 | 14133 | ||
| 005 | 20260306164852.0 | ||
| 008 | 260306t2008||||xx |||||||||||||| ||spa|| | ||
| 041 | _aESP | ||
| 082 |
_a507.8 _bG96 |
||
| 100 |
_aGutiérez Pulido, Humberto _eAUT |
||
| 245 | 0 | _aAnálisis y diseño de experimentos | |
| 260 | _c2008 | ||
| 300 |
_a544 páginas : _c27 cm. |
||
| 650 | _aGEN | ||
| 654 | _aCCN | ||
| 942 |
_cLIB _dJUS _fJUS _2ddc _n |
||
| 999 |
_c14133 _d14133 |
||